书目信息 |
| 题名: |
少林三大名拳
|
|
| 作者: | 马学智 , 门蕙丰 | |
| 分册: | ||
| 出版信息: | 北京 北京体育大学出版社 2002 |
|
| 页数: | 143 | |
| 开本: | 20cm | |
| 丛书名: | 少林功夫丛书 | |
| 单 册: | ||
| 中图分类: | G852.15 | |
| 科图分类: | ||
| 主题词: | 民族形式体育 , 武术 | |
| 电子资源: | ||
| ISBN: | 7-81051-503-9 | |
| 000 | 00741nam0 2200241 450 | |
| 001 | 0736480453 | |
| 005 | 20070817100800.46 | |
| 010 | @a7-81051-503-9@d¥9.00 | |
| 100 | @a20070817d km y0chiy0120 ea | |
| 101 | 0 | @achi |
| 200 | 1 | @a少林三大名拳@Ashao lin san da ming quan@e炮拳.大洪拳.六合拳@f门蕙丰,马学智@Fmen hui feng,ma xue zhi |
| 210 | @a北京@c北京体育大学出版社@d2002 | |
| 215 | @a143@d20cm | |
| 225 | 2 | @a少林功夫丛书 |
| 410 | 0 | @12001 @a少林功夫丛书 |
| 517 | 1 | @a炮拳·大洪拳·六合拳@Apao quan·da hong quan·liu he quan |
| 606 | 0 | @a民族形式体育 |
| 606 | 0 | @a武术 |
| 690 | @aG852.15@v3 | |
| 701 | 0 | @a马学智@Ama xue zhi |
| 701 | 0 | @a门蕙丰@Amen hui feng |
| 801 | 0 | @aCN@bPFT@c20070817 |
| 905 | @a213230@dG852.15@et61@f1 | |
| 少林三大名拳:炮拳.大洪拳.六合拳/门蕙丰,马学智.-北京:北京体育大学出版社,2002 |
| 143;20cm.-(少林功夫丛书) |
| ISBN 7-81051-503-9:¥9.00 |
| ● |
| 相关链接 |
|
|
|
|
正题名:少林三大名拳
索取号:G852.15/t61
 
预约/预借
| 序号 | 登录号 | 条形码 | 馆藏地/架位号 | 状态 | 备注 |
| 1 | 6901724 | 269017244 | 密集书库-体育系/ [索取号:G852.15/t61] | 在馆 | |
| 2 | 6901725 | 269017253 | 密集书库-体育系/ [索取号:G852.15/t61] | 在馆 | |
| 3 | 6901727 | 269017271 | 密集书库-体育系/ [索取号:G852.15/t61] | 在馆 |